[Event "XIX Festival A"]
[Site "Arco ITA"]
[Date "2007.10.23"]
[Round "4"]
[White "Giuriato, Sergio"]
[Black "Schrott, Ernst"]
[Result "0-1"]
[WhiteElo "1990"]
[BlackElo "2103"]
[PlyCount "86"]
[EventDate "2007.10.20"]

1. d4 Nf6 2. c4 c5 3. d5 b5 4. cxb5 a6 5. bxa6 g6 6. Nc3 Bxa6 7. g3 Bg7 8. Bg2
d6 9. Nf3 O-O 10. Bd2 Nbd7 11. b3 Nb6 12. Nh4 Bb7 13. e4 Ba6 14. Rc1 Nfd7 15.
Bf1 Bxf1 16. Kxf1 e6 17. a4 Ne5 18. Bf4 c4 19. Bxe5 Bxe5 20. Nf3 Bxc3 21. Rxc3
exd5 22. exd5 Qf6 23. Qd4 Qxd4 24. Nxd4 cxb3 25. Rxb3 Nxd5 26. Rb5 Nc3 27. Rb6
Rxa4 28. Nf3 Ra2 29. Kg2 Ne4 30. Rf1 Rc8 31. Rb4 d5 32. Nd4 Rc4 33. Rxc4 dxc4
34. Kg1 h5 35. f3 Nd2 36. Rc1 Kg7 37. Rc2 Rxc2 38. Nxc2 Nxf3+ 39. Kg2 Ne5 40.
Kf2 Kf6 41. Ke2 Kg5 42. Ne3 h4 43. Kf2 Ng4+ 0-1

[Event "XIX Festival A"]
[Site "Arco ITA"]
[Date "2007.10.23"]
[Round "4"]
[White "Isonzo, David"]
[Black "Koelmans, Jan Willem"]
[Result "1-0"]
[WhiteElo "2339"]
[BlackElo "2008"]
[PlyCount "55"]
[EventDate "2007.10.20"]

1. e4 c5 2. Nf3 d6 3. d4 cxd4 4. Nxd4 Nf6 5. Nc3 a6 6. Be3 e6 7. f3 Be7 8. Qd2
O-O 9. O-O-O Nc6 10. g4 Nxd4 11. Bxd4 Nd7 12. h4 b5 13. g5 Ne5 14. Qf2 Qc7 15.
Kb1 Bd7 16. f4 Nc4 17. Bxc4 Qxc4 18. f5 Rfc8 19. g6 fxg6 20. fxg6 Rf8 21. gxh7+
Kxh7 22. Qg3 Rf7 23. h5 e5 24. Nd5 Rc8 25. Qg6+ Kg8 26. h6 Qxc2+ 27. Ka1 Be8
28. hxg7 1-0

[Event "XIX Festival A"]
[Site "Arco ITA"]
[Date "2007.10.23"]
[Round "4"]
[White "Jensen, Leif"]
[Black "Margarius, Leonid"]
[Result "1-0"]
[WhiteElo "2091"]
[BlackElo "2232"]
[PlyCount "127"]
[EventDate "2007.10.20"]

1. e4 c5 2. g3 Nc6 3. Bg2 g6 4. d3 Bg7 5. c3 d6 6. f4 e6 7. Nf3 Nge7 8. O-O O-O
9. Be3 b6 10. Re1 e5 11. Qc2 exf4 12. Bxf4 d5 13. Nbd2 dxe4 14. Nxe4 Nd5 15.
Bd2 h6 16. Rad1 Be6 17. Qc1 Kh7 18. a3 Rc8 19. c4 Nde7 20. Bc3 Nf5 21. Bxg7
Kxg7 22. b4 Nfd4 23. bxc5 Nxf3+ 24. Bxf3 Qd4+ 25. Qe3 Qxe3+ 26. Rxe3 Nd4 27.
Bg2 bxc5 28. Rb1 Rc7 29. Rb2 Rd8 30. Bf1 f5 31. Nc3 Kf6 32. Kf2 g5 33. Re1 g4
34. Reb1 h5 35. Nb5 Nxb5 36. Rxb5 Bc8 37. Rb8 Rd6 38. Re1 Ra6 39. Rb3 Bd7 40.
Bg2 Be6 41. Ra1 Ke5 42. Ke3 h4 43. Rb5 Kd6 44. Kf4 hxg3 45. hxg3 Rh7 46. Ra2
Bd7 47. Rbb2 Rh2 48. Re2 Rb6 49. Red2 Be6 50. Re2 Rh8 51. Re5 Rh6 52. Rae2 Kd7
53. Rxc5 Rb3 54. Ra5 Rxd3 55. Rxa7+ Kd6 56. Kg5 Bxc4 57. Kxh6 Rxg3 58. Rd2+ Ke5
59. Kg5 Bd3 60. Ra5+ Kd4 61. Kf4 Kc3 62. Rf2 Rxg2 63. Rxg2 Be4 64. Rxg4 1-0

[Event "XIX Festival A"]
[Site "Arco ITA"]
[Date "2007.10.23"]
[Round "4"]
[White "Kern, Beat"]
[Black "De Nisi, Roberta"]
[Result "1-0"]
[WhiteElo "1694"]
[BlackElo "1845"]
[PlyCount "108"]
[EventDate "2007.10.20"]

1. Nf3 d5 2. d4 Bg4 3. Nbd2 f6 4. c4 c6 5. h3 Bh5 6. Qb3 Qb6 7. Qxb6 axb6 8. e3
Nd7 9. cxd5 cxd5 10. Bb5 e6 11. a3 Ne7 12. b4 Nc6 13. Bb2 Bd6 14. O-O Ke7 15.
g4 Bf7 16. e4 dxe4 17. Nxe4 Bf4 18. Rfe1 Rad8 19. Bc1 Bb8 20. Nc3 Nf8 21. d5
Ne5 22. Nxe5 Bxe5 23. Rxe5 Rc8 24. Re3 h5 25. Bb2 hxg4 26. hxg4 e5 27. Rd1 Ng6
28. d6+ Kd8 29. Nd5 Bxd5 30. Rxd5 Nf4 31. Rd2 Rh4 32. Rg3 Nh3+ 33. Kf1 Ng5 34.
d7 Rc7 35. Re2 Rh1+ 36. Rg1 Rxg1+ 37. Kxg1 Nf7 38. Rd2 Nh6 39. g5 Ng8 40. Kg2
Ne7 41. gxf6 gxf6 42. f4 Nc6 43. fxe5 fxe5 44. Bxc6 bxc6 45. Bxe5 Rxd7 46.
Rxd7+ Kxd7 47. Bd4 b5 48. Kf3 Kd6 49. Ke4 Ke6 50. Bc5 Kf6 51. Kd4 Ke6 52. Bf8
Kd7 53. Kc5 Ke8 54. Bd6 Kd7 1-0

[Event "XIX Festival A"]
[Site "Arco ITA"]
[Date "2007.10.23"]
[Round "4"]
[White "La Manna, Andrea"]
[Black "McClement, Andrew"]
[Result "1/2-1/2"]
[WhiteElo "2145"]
[BlackElo "1594"]
[PlyCount "40"]
[EventDate "2007.10.20"]

1. d4 Nf6 2. c4 e6 3. Nc3 Bb4 4. a3 Bxc3+ 5. bxc3 c5 6. f3 d5 7. cxd5 Nxd5 8.
dxc5 Qa5 9. e4 Ne7 10. Be3 O-O 11. Qb3 Qc7 12. Bb5 Nd7 13. Ne2 Nxc5 14. Qb4 b6
15. O-O Bb7 16. Nd4 Rac8 17. Rfc1 Rfd8 18. Bf1 Nc6 19. Qb2 Na5 20. Qb4 Nc6
1/2-1/2

[Event "XIX Festival A"]
[Site "Arco ITA"]
[Date "2007.10.23"]
[Round "4"]
[White "Lazic, Miroljub"]
[Black "Valenti, Giuseppe"]
[Result "1-0"]
[WhiteElo "2492"]
[BlackElo "2207"]
[PlyCount "61"]
[EventDate "2007.10.20"]

1. e4 c5 2. Nf3 e6 3. d3 d5 4. Qe2 Nf6 5. g3 Be7 6. Bg2 Nc6 7. O-O O-O 8. e5
Nd7 9. c4 d4 10. h4 Rb8 11. Bf4 Qc7 12. h5 b5 13. h6 g6 14. cxb5 Rxb5 15. Na3
Rb8 16. Nc4 Nb6 17. Nfd2 Nxc4 18. Nxc4 Bb7 19. Nd6 Ba8 20. a3 Qb6 21. Rac1 Na5
22. Bxa8 Rxa8 23. b4 cxb4 24. axb4 Nb7 25. b5 Bxd6 26. exd6 Qxb5 27. Qe4 Qd5
28. Qxd5 exd5 29. Rc7 Nd8 30. Re1 Ne6 31. Rxe6 1-0

[Event "XIX Festival A"]
[Site "Arco ITA"]
[Date "2007.10.23"]
[Round "4"]
[White "Ludovici, Roberto"]
[Black "Nicolodi, Raoul"]
[Result "0-1"]
[WhiteElo "1864"]
[BlackElo "1539"]
[PlyCount "74"]
[EventDate "2007.10.20"]

1. e4 e5 2. Nf3 Nc6 3. Bc4 Nf6 4. Ng5 d5 5. exd5 Nd4 6. c3 b5 7. Bf1 Nxd5 8.
Nxf7 Kxf7 9. cxd4 exd4 10. Qf3+ Nf6 11. Bxb5 Be6 12. O-O Bd6 13. d3 Rf8 14. Bg5
Kg8 15. Re1 Bf7 16. b3 Rb8 17. Bxf6 Qxf6 18. Qxf6 gxf6 19. Bc6 Bb4 20. Re4 Rb6
21. Ba4 Rd8 22. Rg4+ Kh8 23. Kf1 Bg6 24. Rg3 Re6 25. f4 Re1+ 26. Kf2 Rc1 27. a3
Be1+ 28. Ke2 Bh5+ 29. Rf3 Rg8 30. g3 Bc3 31. Nxc3 Rxa1 32. Nd5 Ra2+ 33. Ke1
Bxf3 34. Nxf6 Rf8 35. Nd7 Re8+ 36. Ne5 Rxe5+ 37. fxe5 Re2+ 0-1

[Event "XIX Festival A"]
[Site "Arco ITA"]
[Date "2007.10.23"]
[Round "4"]
[White "Mombelli, Antonio"]
[Black "Henrichsen, Jens"]
[Result "1/2-1/2"]
[WhiteElo "1717"]
[BlackElo "1982"]
[PlyCount "31"]
[EventDate "2007.10.20"]

1. e4 c5 2. c3 d5 3. exd5 Qxd5 4. d4 Nf6 5. Nf3 e6 6. Nbd2 Nc6 7. Bc4 Qd7 8.
Nb3 cxd4 9. Nbxd4 Nxd4 10. Nxd4 a6 11. Qe2 Be7 12. O-O O-O 13. Bf4 Bd6 14. Bxd6
Qxd6 15. Rad1 Qc7 16. Nf3 1/2-1/2

[Event "XIX Festival A"]
[Site "Arco ITA"]
[Date "2007.10.23"]
[Round "4"]
[White "Moro, Roberto"]
[Black "Ben Houidi, Lassaad"]
[Result "0-1"]
[WhiteElo "1887"]
[BlackElo "1599"]
[PlyCount "76"]
[EventDate "2007.10.20"]

1. e4 e5 2. f4 d6 3. Nf3 Bg4 4. h3 Bxf3 5. Qxf3 Nd7 6. Bc4 Be7 7. O-O Ngf6 8.
d3 c6 9. Nc3 a5 10. a4 O-O 11. f5 Nb6 12. Ba2 d5 13. exd5 Nbxd5 14. Ne4 Nxe4
15. dxe4 Nb4 16. Bb3 c5 17. Be3 Qc7 18. c3 Na6 19. Qg4 Bf6 20. Rf3 Kh8 21. Qh5
c4 22. Bc2 Rad8 23. g4 g6 24. Qh6 Nc5 25. fxg6 fxg6 26. Raf1 Nd7 27. g5 Bg7 28.
Rxf8+ Rxf8 29. Rxf8+ Nxf8 30. Qh4 Qf7 31. Bd1 Qd7 32. Qg4 Qd3 33. Bc5 Qd2 34.
Be2 Qxb2 35. Bxc4 Qxc3 36. Bxf8 Bxf8 37. Qe6 Bc5+ 38. Kf1 Qf3+ 0-1

[Event "XIX Festival A"]
[Site "Arco ITA"]
[Date "2007.10.23"]
[Round "4"]
[White "Panican, Gheorghe"]
[Black "Wagner, Frank"]
[Result "1-0"]
[WhiteElo "2104"]
[BlackElo "1961"]
[PlyCount "61"]
[EventDate "2007.10.20"]

1. e4 c5 2. Nf3 Nc6 3. d4 cxd4 4. Nxd4 Nf6 5. Nc3 a6 6. Nxc6 bxc6 7. e5 Ng8 8.
Bc4 e6 9. O-O d5 10. exd6 Qxd6 11. Qf3 Nf6 12. Bf4 Qc5 13. Bb3 Bd7 14. Rad1 Be7
15. Be3 Qa5 16. Ne4 Rd8 17. Bd2 Qb5 18. a4 Qb7 19. Bc3 Nxe4 20. Qxe4 Bf6 21.
Bxf6 gxf6 22. Qf4 f5 23. Qh6 Qb4 24. Qf6 Rg8 25. Rd4 Qf8 26. Rfd1 Rg6 27. Qe5
Qg7 28. Qxg7 Rxg7 29. a5 Rg4 30. f4 c5 31. Rxd7 1-0

[Event "XIX Festival A"]
[Site "Arco ITA"]
[Date "2007.10.23"]
[Round "4"]
[White "Papa, Angelo"]
[Black "Acunzo, Domenico"]
[Result "1/2-1/2"]
[WhiteElo "1903"]
[BlackElo "1775"]
[PlyCount "51"]
[EventDate "2007.10.20"]

1. d4 e6 2. Nf3 f5 3. g3 Nf6 4. Bg2 d5 5. O-O Bd6 6. c4 c6 7. b3 Qe7 8. a4 a5
9. Ba3 Bxa3 10. Nxa3 O-O 11. Qd3 Nbd7 12. Rfc1 Ne4 13. e3 Ndf6 14. h3 Nh5 15.
Qe2 g5 16. Ne5 Ng7 17. Nc2 Nf6 18. Ne1 Bd7 19. Nxd7 Qxd7 20. Nf3 Ne4 21. Rc2
Qe7 22. Ne5 Rf6 23. cxd5 exd5 24. Bxe4 fxe4 25. g4 Ne6 26. Rf1 1/2-1/2

[Event "XIX Festival A"]
[Site "Arco ITA"]
[Date "2007.10.23"]
[Round "4"]
[White "Perich, Stefano"]
[Black "Brunner, Stefan"]
[Result "0-1"]
[WhiteElo "1995"]
[BlackElo "1800"]
[PlyCount "60"]
[EventDate "2007.10.20"]

1. Nf3 f5 2. b3 Nf6 3. Bb2 e6 4. g3 d5 5. Bg2 c5 6. d3 Nc6 7. c4 d4 8. O-O Be7
9. a3 a5 10. e3 e5 11. Qe2 O-O 12. Nbd2 Bd6 13. exd4 exd4 14. Rfe1 Re8 15. Qf1
Bd7 16. Ng5 h6 17. Nh3 Qb6 18. Rxe8+ Rxe8 19. Rb1 Ne7 20. Qd1 Bc6 21. Bc1 Bxg2
22. Kxg2 g5 23. Nf1 Qc6+ 24. Kg1 Ng6 25. f3 Kg7 26. Bd2 b6 27. b4 axb4 28. axb4
Ne5 29. bxc5 Nxf3+ 30. Kf2 Ng4+ 0-1

[Event "XIX Festival A"]
[Site "Arco ITA"]
[Date "2007.10.23"]
[Round "4"]
[White "Pipitone, Antonio"]
[Black "Moncelli, Giorgio"]
[Result "0-1"]
[WhiteElo "2028"]
[BlackElo "2129"]
[PlyCount "94"]
[EventDate "2007.10.20"]

1. e4 e5 2. Nf3 Nf6 3. Nxe5 d6 4. Nf3 Nxe4 5. d4 d5 6. Bd3 Bd6 7. O-O O-O 8. c4
c6 9. Nc3 Nxc3 10. bxc3 Bg4 11. h3 Bh5 12. cxd5 cxd5 13. g4 Bg6 14. Bxg6 hxg6
15. Ng5 Nd7 16. Qb3 Nb6 17. a4 Rb8 18. Kg2 Re8 19. a5 Nc4 20. Qb5 Bc7 21. a6 b6
22. Ra2 Qd6 23. Nf3 Re4 24. Qb1 Rbe8 25. Qd3 R8e6 26. Rh1 Re8 27. Ng5 Re1 28.
Nf3 Rxh1 29. Kxh1 Re1+ 30. Kg2 Rxc1 31. Re2 Qd7 32. Ne5 Bxe5 33. dxe5 Qe6 34.
Qd4 f6 35. f4 fxe5 36. fxe5 Rb1 37. Kg3 Rf1 38. Kg2 Rf8 39. Kg3 g5 40. Re1 Rf4
41. Qd3 Nd6 42. Kg2 Ne4 43. c4 dxc4 44. Qd8+ Rf8 45. Qc7 Qd5 46. Kg1 Qd4+ 47.
Kh1 Ng3+ 0-1

[Event "XIX Festival A"]
[Site "Arco ITA"]
[Date "2007.10.23"]
[Round "4"]
[White "Prakken, Gerrit"]
[Black "Wohl, Aleksandar H."]
[Result "1/2-1/2"]
[WhiteElo "2217"]
[BlackElo "2415"]
[PlyCount "64"]
[EventDate "2007.10.20"]

1. d4 Nf6 2. c4 g6 3. Nc3 d5 4. Nf3 Bg7 5. Bg5 dxc4 6. Qa4+ Nbd7 7. e3 O-O 8.
Qxc4 a6 9. Be2 b5 10. Qb3 c5 11. O-O Bb7 12. Rfd1 b4 13. Na4 Bd5 14. Bc4 Bxf3
15. gxf3 cxd4 16. Rxd4 Qa5 17. Bh4 Qh5 18. Be2 a5 19. Bg3 e5 20. Rd2 Ra7 21.
Rc1 Qf5 22. Nc5 e4 23. Nxe4 Nxe4 24. fxe4 Qxe4 25. Qc4 Qxc4 26. Bxc4 Ne5 27.
Bxe5 Bxe5 28. b3 Bc3 29. Rd5 Rc8 30. Bb5 Rb8 31. Rcd1 Kg7 32. Kg2 Rb6 1/2-1/2

[Event "XIX Festival A"]
[Site "Arco ITA"]
[Date "2007.10.23"]
[Round "4"]
[White "Qendro, Llambi"]
[Black "Trauth, Michael"]
[Result "1-0"]
[WhiteElo "2404"]
[BlackElo "2180"]
[PlyCount "60"]
[EventDate "2007.10.20"]

1. d4 Nf6 2. c4 c5 3. d5 b5 4. a4 bxc4 5. Nc3 d6 6. e4 Ba6 7. Nf3 g6 8. Nd2 Bg7
9. Bxc4 O-O 10. O-O Nfd7 11. Qe2 Qc8 12. Bb5 Qb7 13. Nc4 Bxb5 14. axb5 Bxc3 15.
bxc3 Qxb5 16. Ra5 Qb3 17. Bh6 Qxc3 18. Rc1 Qb4 19. Bxf8 Kxf8 20. Qc2 Nb6 21.
Nxb6 Qxb6 22. Qa4 a6 23. Qa1 f6 24. Rb1 Qc7 25. Ra3 Ra7 26. h4 Rb7 27. Rab3 Rb5
28. Rxb5 axb5 29. Rxb5 Nd7 30. Qa8+ Kg7 1-0

[Event "XIX Festival A"]
[Site "Arco ITA"]
[Date "2007.10.23"]
[Round "4"]
[White "Rettore, Ludwig"]
[Black "De Napoli, Giuseppe"]
[Result "1-0"]
[WhiteElo "2177"]
[BlackElo "2033"]
[PlyCount "123"]
[EventDate "2007.10.20"]

1. d4 Nf6 2. Nf3 g6 3. Bg5 Bg7 4. Nbd2 d6 5. c3 c6 6. e4 Qc7 7. Bd3 e5 8. h3
Nbd7 9. O-O O-O 10. Re1 a5 11. a4 Re8 12. Qc2 Nf8 13. dxe5 dxe5 14. Nc4 Ne6 15.
Be3 Nd7 16. Bf1 b6 17. Red1 Bf8 18. Rd2 Bc5 19. Rad1 Bxe3 20. Nxe3 Nf6 21. Nc4
Nc5 22. Nd6 Re7 23. b4 Nb7 24. Nc4 Kg7 25. Rb1 Bd7 26. Rbd1 Be8 27. Ne3 Rd8 28.
Rxd8 Nxd8 29. Nc4 Nb7 30. Re1 h6 31. Qc1 Bd7 32. Qe3 c5 33. b5 Nh5 34. Rd1 Nf6
35. Bd3 Bc8 36. Bc2 Kh7 37. Nh2 Kg7 38. Nf1 Be6 39. Bb3 Bxc4 40. Bxc4 Rd7 41.
Bd5 Nxd5 42. exd5 f6 43. Qg3 Qd8 44. Ne3 Nd6 45. f4 Ne4 46. Qg4 h5 47. Qf3 Nxc3
48. Rd2 e4 49. Qf1 Qc7 50. Qc4 Nxa4 51. Qxa4 Qxf4 52. Nf1 g5 53. Qa3 g4 54.
hxg4 hxg4 55. Qg3 Qg5 56. Ne3 Kf7 57. Rf2 Rd8 58. Qc7+ Ke8 59. Nf5 Rd7 60. Qc8+
Rd8 61. Qe6+ Kf8 62. Qe7+ 1-0

[Event "XIX Festival A"]
[Site "Arco ITA"]
[Date "2007.10.23"]
[Round "4"]
[White "Ricci, Alfredo"]
[Black "Marini, Lucio"]
[Result "1-0"]
[WhiteElo "2010"]
[BlackElo "1860"]
[PlyCount "89"]
[EventDate "2007.10.20"]

1. e4 c5 2. Nf3 d6 3. d4 cxd4 4. Nxd4 Nf6 5. Bd3 e5 6. Ne2 Be6 7. c4 Qc7 8. Bg5
Nbd7 9. Nd2 h6 10. Bh4 Be7 11. Bg3 Nc5 12. Bc2 a5 13. Nc3 Bd7 14. O-O O-O 15.
Kh1 Bc6 16. f4 exf4 17. Bxf4 Nfd7 18. Nd5 Bxd5 19. exd5 Ne5 20. Qe2 Ng6 21.
Bxg6 fxg6 22. Ne4 Rae8 23. Nxc5 Qxc5 24. Bg3 Rxf1+ 25. Rxf1 Qc8 26. Re1 Qd7 27.
c5 Kf8 28. cxd6 Bf6 29. Qxe8+ Qxe8 30. Rxe8+ Kxe8 31. b3 a4 32. Kg1 axb3 33.
axb3 b5 34. Kf2 Bd4+ 35. Ke2 Kd7 36. Kd3 Bc5 37. Ke4 Bxd6 38. Bxd6 Kxd6 39. h4
g5 40. hxg5 hxg5 41. g4 Kd7 42. Ke5 Ke7 43. b4 g6 44. d6+ Kd7 45. Kd5 1-0

[Event "XIX Festival A"]
[Site "Arco ITA"]
[Date "2007.10.23"]
[Round "4"]
[White "Salvador, Roland"]
[Black "Vezzosi, Paolo"]
[Result "1-0"]
[WhiteElo "2456"]
[BlackElo "2323"]
[PlyCount "75"]
[EventDate "2007.10.20"]

1. d4 Nf6 2. Nf3 b6 3. g3 Bb7 4. c4 e6 5. Bg2 Be7 6. O-O O-O 7. d5 exd5 8. Nh4
c6 9. cxd5 Nxd5 10. Nf5 Nc7 11. e4 d5 12. Re1 Bf6 13. e5 Be7 14. Qg4 g6 15. Bh6
Re8 16. Nxe7+ Qxe7 17. Bg5 f5 18. Qh4 Qf7 19. Nd2 Nd7 20. Nf3 Ne6 21. Bh6 Ndc5
22. Ng5 Qe7 23. Rad1 a5 24. f4 Ba6 25. Re3 d4 26. Ree1 Rac8 27. g4 fxg4 28.
Qxg4 Bd3 29. Rxd3 Nxd3 30. Rf1 Nxg5 31. Bxg5 Qf7 32. Bf6 Rc7 33. Qg3 Nc5 34. f5
Rcc8 35. Rf4 Nd7 36. fxg6 hxg6 37. Rg4 Nxe5 38. Bxe5 1-0

[Event "XIX Festival A"]
[Site "Arco ITA"]
[Date "2007.10.23"]
[Round "4"]
[White "Savarese, Vincenzo"]
[Black "Buck, Klaus-Michael"]
[Result "0-1"]
[WhiteElo "1859"]
[BlackElo "1784"]
[PlyCount "53"]
[EventDate "2007.10.20"]

1. e4 e6 2. d4 d5 3. Nd2 Nf6 4. e5 Nfd7 5. Bd3 c5 6. c3 Nc6 7. Ne2 cxd4 8. cxd4
Qb6 9. Nf3 Bb4+ 10. Bd2 Bxd2+ 11. Qxd2 Qb4 12. Nc3 Nxd4 13. Nxd4 Qxd4 14. O-O
Qxe5 15. Rfe1 Qd6 16. Nb5 Qb6 17. Qf4 O-O 18. Bxh7+ Kxh7 19. Qh4+ Kg8 20. Re3
Qd8 21. Qh5 Qf6 22. Rh3 Qh6 23. Qf3 Qg6 24. Re1 Qf5 25. Qc3 Qf6 26. Qb4 a5 27.
Qh4 0-1

[Event "XIX Festival A"]
[Site "Arco ITA"]
[Date "2007.10.23"]
[Round "4"]
[White "Schaefer, Michael"]
[Black "Naumkin, Igor"]
[Result "0-1"]
[WhiteElo "2247"]
[BlackElo "2486"]
[PlyCount "72"]
[EventDate "2007.10.20"]

1. d4 e6 2. e4 d5 3. e5 c5 4. c3 Nc6 5. Nf3 Qb6 6. a3 Nh6 7. b4 cxd4 8. cxd4
Nf5 9. Be3 Be7 10. Nc3 O-O 11. Bd3 Nxe3 12. fxe3 f6 13. exf6 Bxf6 14. Qc2 h6
15. O-O Bd7 16. Na4 Qd8 17. Nc5 Rc8 18. Qe2 Rc7 19. Rad1 Bc8 20. Bb1 g5 21. h3
h5 22. b5 Na5 23. e4 Rg7 24. Ne5 b6 25. Ncd3 Nb3 26. exd5 Nxd4 27. Qxh5 Nf5 28.
Ng6 Rh7 29. Qg4 Re8 30. Rfe1 exd5 31. Nde5 Ne3 32. Qd4 Nxd1 33. Qxd1 Qd6 34.
Nc6 Bd7 35. Rxe8+ Bxe8 36. Qd3 Rg7 0-1

[Event "XIX Festival A"]
[Site "Arco ITA"]
[Date "2007.10.23"]
[Round "4"]
[White "Serafimov, Dimitar"]
[Black "De Santis, Alessio"]
[Result "1-0"]
[WhiteElo "2168"]
[BlackElo "2367"]
[PlyCount "119"]
[EventDate "2007.10.20"]

1. c4 c5 2. g3 Nc6 3. Bg2 g6 4. Nc3 Bg7 5. d3 d6 6. e3 h5 7. h3 e5 8. Nge2 Nge7
9. a3 O-O 10. O-O Rb8 11. Rb1 b6 12. b4 Bb7 13. b5 Na5 14. e4 Bc8 15. Kh2 Bd7
16. Bg5 Nb7 17. Qd2 Kh7 18. Rbe1 Qe8 19. Bxe7 Qxe7 20. Nd5 Qd8 21. f4 h4 22. f5
hxg3+ 23. Nxg3 Qh4 24. Qe2 Na5 25. Qg4 Qxg4 26. hxg4 f6 27. Ne7 g5 28. Rh1 Bh6
29. Bf3 Be8 30. Kg2 Kg7 31. Rh2 Rb7 32. Reh1 Rxe7 33. Rxh6 Rg8 34. Rh7+ Kf8 35.
R7h6 Kg7 36. Rh7+ Kf8 37. Rxe7 Kxe7 38. Rh7+ Bf7 39. Nh5 Nb7 40. Kg3 Nd8 41. a4
Nb7 42. Be2 Nd8 43. Kf2 Nb7 44. Ke1 Ra8 45. Rh6 Bxh5 46. gxh5 Rf8 47. Rg6 Rf7
48. h6 Nd8 49. Bh5 Kf8 50. Kf2 Nb7 51. Kg3 Na5 52. Kg4 Nb3 53. h7 Rxh7 54.
Rxf6+ Ke7 55. Re6+ Kd7 56. Kxg5 Nc1 57. Be8+ Kd8 58. Bg6 Rc7 59. Rxd6+ Ke7 60.
Rd5 1-0

[Event "XIX Festival A"]
[Site "Arco ITA"]
[Date "2007.10.23"]
[Round "4"]
[White "Serafimov, Tervel"]
[Black "Ager, Josef"]
[Result "1/2-1/2"]
[WhiteElo "2379"]
[BlackElo "2188"]
[PlyCount "69"]
[EventDate "2007.10.20"]

1. c4 g6 2. g3 Bg7 3. Bg2 e5 4. Nc3 Ne7 5. e3 d6 6. Nge2 O-O 7. O-O Nbc6 8. d3
Be6 9. Nd5 Qd7 10. Rb1 Nc8 11. b4 Nd8 12. b5 c6 13. bxc6 bxc6 14. Ndc3 Bh3 15.
d4 Bxg2 16. Kxg2 exd4 17. exd4 Nb6 18. c5 Nc4 19. cxd6 Nxd6 20. d5 Re8 21. Bf4
Ne4 22. Nxe4 Rxe4 23. dxc6 Qxc6 24. Kg1 Ne6 25. Be3 Rd8 26. Qb3 Qa4 27. Qb7 Rc4
28. Qxa7 Qxa7 29. Bxa7 Ra4 30. Bb6 Rxa2 31. Nc1 h5 32. Be3 Rb2 33. Rxb2 Bxb2
34. Re1 Bxc1 35. Rxc1 1/2-1/2

[Event "XIX Festival A"]
[Site "Arco ITA"]
[Date "2007.10.23"]
[Round "4"]
[White "Sigillo, Carmelo"]
[Black "Coqueraut, Lodewyk"]
[Result "0-1"]
[WhiteElo "1595"]
[BlackElo "1926"]
[PlyCount "102"]
[EventDate "2007.10.20"]

1. e4 c5 2. Nf3 d6 3. d3 Nf6 4. g3 e6 5. Bg2 Be7 6. O-O O-O 7. Re1 Qc7 8. Nbd2
Nbd7 9. c3 Rb8 10. d4 cxd4 11. cxd4 e5 12. Nb3 b5 13. Bd2 b4 14. Rc1 Qb6 15. h3
Bb7 16. dxe5 dxe5 17. Be3 Qa6 18. Rc7 Bd6 19. Bf1 Qxa2 20. Qxd6 Qxb3 21. Bc4
Qa4 22. b3 Qa5 23. Ng5 Ne8 24. Qxd7 Qxc7 25. Qxc7 Nxc7 26. Bxa7 Rbc8 27. Bc5 h6
28. Bxf8 Rxf8 29. Nf3 Re8 30. Kg2 Kf8 31. h4 Na6 32. Ra1 Nc5 33. Ra7 f6 34. h5
Rb8 35. Nh4 Nxe4 36. Rxb7 Rxb7 37. Bd5 Nd6 38. Bxb7 Nxb7 39. Nf3 Nc5 40. Nd2
Ke7 41. f3 Kd6 42. Kf2 Kd5 43. Ke3 f5 44. f4 e4 45. Nc4 Nxb3 46. Ne5 Nc5 47. g4
fxg4 48. Nxg4 b3 49. Kd2 Kd4 50. f5 Nd7 51. Ne3 Nf6 0-1

[Event "XIX Festival A"]
[Site "Arco ITA"]
[Date "2007.10.23"]
[Round "4"]
[White "Stolfa, Rodolfo"]
[Black "Caldara, Sisto"]
[Result "1/2-1/2"]
[WhiteElo "1926"]
[BlackElo "1760"]
[PlyCount "112"]
[EventDate "2007.10.20"]

1. d4 d6 2. c4 Nf6 3. Nc3 c6 4. Nf3 Bg4 5. e3 Nbd7 6. Be2 e6 7. h3 Bh5 8. O-O
d5 9. c5 a5 10. Na4 b6 11. cxb6 Nxb6 12. Nxb6 Qxb6 13. b3 Be7 14. a4 O-O 15.
Ne5 Bxe2 16. Qxe2 Rfc8 17. Ba3 Bxa3 18. Rxa3 c5 19. dxc5 Qxc5 20. Qb2 Rab8 21.
Raa1 Qc2 22. Qxc2 Rxc2 23. Rfc1 Rbc8 24. Nd3 Kf8 25. Kf1 Ke7 26. Ke1 Kd6 27.
Rxc2 Rxc2 28. Rc1 Rxc1+ 29. Nxc1 e5 30. Kd1 Nd7 31. Kc2 f5 32. Kc3 Nc5 33. f3
g5 34. Ne2 h5 35. Ng3 f4 36. exf4 gxf4 37. Ne2 h4 38. Nc1 Kc6 39. Ne2 d4+ 40.
Kc4 d3 41. Nc3 d2 42. Nd1 Kd6 43. b4 axb4 44. Kxb4 Kd5 45. a5 Kd4 46. Kb5 Kd5
47. a6 Nxa6 48. Kxa6 e4 49. fxe4+ Kxe4 50. Kb5 f3 51. gxf3+ Kxf3 52. Kc4 Kg3
53. Kd3 Kxh3 54. Kxd2 Kg3 55. Ke2 h3 56. Kf1 h2 1/2-1/2

[Event "XIX Festival A"]
[Site "Arco ITA"]
[Date "2007.10.23"]
[Round "4"]
[White "Thonig, Manfred"]
[Black "Rigo, Marco"]
[Result "1/2-1/2"]
[WhiteElo "1739"]
[BlackElo "1882"]
[PlyCount "57"]
[EventDate "2007.10.20"]

1. d4 d5 2. f4 Bg4 3. Nd2 e6 4. Ngf3 c5 5. e3 cxd4 6. Bb5+ Nd7 7. exd4 Bd6 8.
Nb3 Ngf6 9. O-O Qc7 10. Qd2 O-O 11. Bd3 Bxf3 12. Rxf3 Ne4 13. Bxe4 dxe4 14. Rh3
f5 15. Qf2 Nf6 16. Be3 Ng4 17. Qh4 g6 18. Nc5 Rae8 19. Nxe4 fxe4 20. Qxg4 Bxf4
21. c3 e5 22. d5 Qc4 23. Rd1 Bxe3+ 24. Rxe3 Rf4 25. Qd7 Ref8 26. Qe6+ R8f7 27.
Qe8+ Rf8 28. Qe6+ R8f7 29. Qe8+ 1/2-1/2

[Event "XIX Festival A"]
[Site "Arco ITA"]
[Date "2007.10.23"]
[Round "4"]
[White "Tocco, Paolo"]
[Black "Pierangeli, Andrea"]
[Result "1-0"]
[WhiteElo "2159"]
[BlackElo "2020"]
[PlyCount "107"]
[EventDate "2007.10.20"]

1. d4 d5 2. e4 dxe4 3. Nc3 Nf6 4. f3 exf3 5. Nxf3 e6 6. Bd3 Bd7 7. O-O c5 8.
dxc5 Bxc5+ 9. Kh1 Bc6 10. Qe1 Qc7 11. Ne5 Nbd7 12. Nxc6 bxc6 13. Bf4 Bd6 14.
Bxd6 Qxd6 15. Rd1 Qe7 16. Qg3 O-O 17. Qh4 Rfe8 18. Ne4 Nd5 19. Ng5 h6 20. Rxf7
Qxg5 21. Qxg5 hxg5 22. Rxd7 a5 23. Kg1 a4 24. Rf1 Nf6 25. Rc7 Rac8 26. Rxc8
Rxc8 27. Re1 Re8 28. Re5 a3 29. bxa3 Nd5 30. Bc4 Kf7 31. Rxg5 Kf6 32. Rg3 Re7
33. Bb3 Ke5 34. Kf2 Kd4 35. Ke2 Nc3+ 36. Ke1 Nd5 37. Kd2 e5 38. c3+ Kc5 39. c4
Nf6 40. Ke3 Ne8 41. Rg6 Nd6 42. g4 Ne8 43. h4 Nd6 44. h5 Nxc4+ 45. Bxc4 Kxc4
46. Rxc6+ Kd5 47. Ra6 Rf7 48. Rg6 Ra7 49. a4 Rxa4 50. Rxg7 Ra3+ 51. Kf2 Rxa2+
52. Kg3 Ke6 53. h6 Ra8 54. h7 1-0

[Event "XIX Festival A"]
[Site "Arco ITA"]
[Date "2007.10.23"]
[Round "4"]
[White "Tomassoni, Leonardo"]
[Black "Moratto, Davide"]
[Result "1-0"]
[WhiteElo "1975"]
[BlackElo "1855"]
[PlyCount "59"]
[EventDate "2007.10.20"]

1. e4 c5 2. Nf3 d6 3. Be2 Nf6 4. c3 Nc6 5. d4 cxd4 6. cxd4 e6 7. Nc3 Be7 8. O-O
O-O 9. h3 b6 10. Bf4 Bb7 11. Rc1 Rc8 12. Qa4 a5 13. Rfd1 d5 14. exd5 Nxd5 15.
Nxd5 Qxd5 16. Bg3 Nb4 17. Qb3 Nxa2 18. Qxd5 Bxd5 19. Rc7 Rxc7 20. Bxc7 Bd8 21.
Bd6 Re8 22. Bb5 Re7 23. Bxe7 Bxe7 24. Ne5 f6 25. Nc4 Bd8 26. Re1 Kf8 27. Re3
Nb4 28. f3 Nc2 29. Rd3 Ke7 30. Kf2 $139 1-0